Statistiken für Rate den Komponisten!

Klicken Sie hier um das Quiz zu spielen!

Allgemein

  • Dieses Quiz wurde 75 mal gespielt
    (18 seit der letzten Aktualisierung)
  • Das Durchschnittsergebnis liegt bei 12 aus 50

Antwortstatistiken

LebensdatenNationKomponist% Korrekt
1770-1827GERLudwig van Beethoven
87%
1685-1750GERJohann Sebastian Bach
73%
1756-1791AUTWolfgang Amadeus Mozart
73%
1678-1741ITAAntonio Vivaldi
67%
1797-1828GERFranz Schubert
53%
1813-1883GERRichard Wagner
53%
1810-1849POLFrédéric Chopin
47%
1685-1759GERGeorg Friedrich Händel
47%
1860-1911GERGustav Mahler
47%
1732-1809AUTJoseph Haydn
47%
1864-1949GERRichard Strauss
47%
1813-1901ITAGiuseppe Verdi
40%
1810-1856GERRobert Schumann
40%
1862-1918FRAClaude Debussy
33%
1567-1643ITAClaudio Monteverdi
33%
1809-1847GERFelix Mendelssohn Bartholdy
33%
1833-1897GERJohannes Brahms
33%
1843-1907NOREdvard Grieg
27%
1838-1875FRAGeorges Bizet
27%
1858-1924ITAGiacomo Puccini
27%
1881-1945HUNBéla Bartók
20%
1835-1921FRACamille Saint-Saens
20%
1819-1896*GERClara Wieck/ Clara Schumann
20%
1811-1886HUNFranz Liszt
20%
1659-1695ENGHenry Purcell
20%
1865-1957FINJean Sibelius
20%
1875-1937FRAMaurice Ravel
20%
1841-1904CZEAntonín Dvořák
13%
1824-1884CZEBedřich Smetana
13%
1681-1767GERGeorg Philipp Telemann
13%
1792-1868ITAGioachino Rossini
13%
1891-1953RUSSergei Prokofjew/
13%
1653-1713ITAArcangelo Corelli
7%
1874-1951AUTArnold Schönberg
7%
1822-1890FRACésar Franck
7%
1906-1975RUSDmitri Schostakowitsch/
7%
1685-1757ITADomenico Scarlatti
7%
1805-1847*GERFanny Hensel
7%
1668-1733FRAFrançois Couperin/ Le Grand
7%
1803-1869FRAHector Berlioz
7%
1882-1971RUSIgor Strawinsky
7%
1683-1764FRAJean-Philippe Rameau
7%
1854-1928CZELeoš Janáček
7%
1840-1893RUSPjotr Tschaikowski/
7%
1873-1943RUSSergei Rachmaninow/
7%
1872-1915RUSAlexander Skrjabin/
0%
1714-1787GERChristoph Willibald Gluck (weg)
0%
1887-1959BRAHeitor Villa-Lobos (weg)
0%
1860-1909ESPIsaac Albéniz
0%
1882-1937POLKarol Szymanowski
0%

Verteilung der Resultate

Perzentil nach korrekt beantworteten Fragen

Anzahl Personen mit jedem Resultat

Ihre Resultats-Entwicklung

Sie haben dieses Quiz seit der letzten Aktualisierung nicht gespielt